[Event "33rd Zalakaros Open 2014"]
[Site "Zalakaros HUN"]
[Date "2014.05.26"]
[Round "4.7"]
[White "Nemeth, Miklos1"]
[Black "Erdos, Viktor"]
[Result "1/2-1/2"]
[WhiteTitle "IM"]
[BlackTitle "GM"]
[WhiteElo "2492"]
[BlackElo "2651"]
[WhiteFideId "720232"]
[BlackFideId "719978"]
[EventDate "2014.05.23"]
[EventType "swiss"]

1. e4 e5 2. Nf3 Nc6 3. Bc4 Bc5 4. c3 Nf6 5. d3 O-O 6. O-O d5 7. exd5 Nxd5 8. h3
Nb6 9. Bb5 f6 10. Nbd2 Qd5 11. d4 exd4 12. Nb3 Bd6 13. Nbxd4 Nxd4 14. Nxd4 Be5
15. Be2 Bxd4 16. cxd4 Bf5 17. a4 a5 18. Ra3 Be4 19. Rc3 Qd7 20. b3 Nd5 21. Bc4
Kh8 22. Rg3 Rfe8 23. Re1 c6 24. Bd2 b6 25. h4 Bf5 26. h5 h6 27. Rxe8+ Rxe8 28.
Qc1 Kh7 29. Qb2 Qf7 30. Bxd5 cxd5 31. Re3 Qxh5 32. Rxe8 Qxe8 33. Qc3 Qe2 34. Bf4
Bc2 35. Bc7 Qd1+ 36. Kh2 Bxb3 37. Bxb6 Bxa4 38. Bxa5 Bb5 39. Qd2 Qh5+ 40. Kg1
Qf5 41. Bc7 h5 42. Qf4 Qe6 43. Kh2 Kg6 44. Ba5 Kf7 45. Bb4 g5 46. Qd6 h4 47.
Qxe6+ Kxe6 48. g3 hxg3+ 49. Kxg3 Kf5 50. Be7 Kg6 1/2-1/2

[Event "33rd Zalakaros Open 2014"]
[Site "Zalakaros HUN"]
[Date "2014.05.26"]
[Round "4.8"]
[White "Romanishin, Oleg M"]
[Black "Beliavsky, Alexander G"]
[Result "1/2-1/2"]
[WhiteTitle "GM"]
[BlackTitle "GM"]
[WhiteElo "2482"]
[BlackElo "2620"]
[WhiteFideId "14100088"]
[BlackFideId "14602377"]
[EventDate "2014.05.23"]
[EventType "swiss"]

1. d4 Nf6 2. Nf3 g6 3. g3 Bg7 4. Bg2 O-O 5. c4 d6 6. O-O Nc6 7. Nc3 a6 8. b3 Rb8
9. Bb2 b5 10. cxb5 axb5 11. Rc1 b4 12. Nb1 Rb6 13. d5 Nb8 14. a4 bxa3 15. Nxa3
Bb7 16. Nc4 Ra6 17. Ne1 c6 18. e4 cxd5 19. exd5 Ra2 20. Nc2 1/2-1/2

[Event "33rd Zalakaros Open 2014"]
[Site "Zalakaros HUN"]
[Date "2014.05.26"]
[Round "4.9"]
[White "Grigoriants, Sergey"]
[Black "Petenyi, Tamas"]
[Result "1/2-1/2"]
[WhiteTitle "GM"]
[BlackTitle "IM"]
[WhiteElo "2595"]
[BlackElo "2448"]
[WhiteFideId "4130804"]
[BlackFideId "14909090"]
[EventDate "2014.05.23"]
[EventType "swiss"]

1. Nf3 Nf6 2. c4 Nc6 3. d4 e6 4. a3 d6 5. b4 g6 6. b5 Nb8 7. Bb2 Bg7 8. Nc3 O-O
9. e3 Nbd7 10. Be2 c5 11. a4 Qe7 12. a5 e5 13. dxe5 Nxe5 14. O-O 1/2-1/2

[Event "33rd Zalakaros Open 2014"]
[Site "Zalakaros HUN"]
[Date "2014.05.26"]
[Round "4.10"]
[White "Gonda, Laszlo"]
[Black "Balazs, Gabor2"]
[Result "1-0"]
[WhiteTitle "GM"]
[WhiteElo "2563"]
[BlackElo "2397"]
[WhiteFideId "720852"]
[BlackFideId "731374"]
[EventDate "2014.05.23"]
[EventType "swiss"]

1. Nf3 d5 2. g3 c6 3. Bg2 Bg4 4. O-O Nd7 5. d4 e6 6. c4 Ngf6 7. Qb3 Qb6 8. Nc3
Be7 9. Re1 O-O 10. c5 Qxb3 11. axb3 a6 12. b4 Rad8 13. Bf4 Ne8 14. Nd2 Bf6 15.
h3 Bf5 16. g4 Bc2 17. Rec1 Bg6 18. Nb3 h6 19. Na5 Bxd4 20. Nxb7 Ra8 21. Na5 Rc8
22. Nb3 Bxc3 23. bxc3 e5 24. Bg3 Nc7 25. f4 f6 26. Na5 exf4 27. Bxf4 Ne6 28. Bd6
Rfe8 29. Nb3 Ra8 30. Ra2 Ne5 31. Rca1 Be4 32. Bxe4 dxe4 33. Nd4 Nxd4 34. cxd4
Nf7 35. Rxa6 Rac8 36. Bg3 e3 37. Rb6 Ng5 38. Kg2 Re4 39. Rd1 Ne6 40. d5 cxd5 41.
Rxd5 Nd4 42. Rxd4 Rxd4 43. c6 Kf7 44. b5 Ke6 45. Kf3 Rb4 46. c7+ Kd7 47. Rd6+
Ke8 48. b6 Rb3 49. Ke4 Rb5 50. Kd4 Ke7 51. Kc4 Rb2 52. Kd5 Rxe2 53. b7 Rd2+ 54.
Ke4 1-0

[Event "33rd Zalakaros Open 2014"]
[Site "Zalakaros HUN"]
[Date "2014.05.26"]
[Round "4.11"]
[White "Antal, Gergely"]
[Black "Nagy, Gabor1"]
[Result "1/2-1/2"]
[WhiteTitle "GM"]
[BlackTitle "IM"]
[WhiteElo "2529"]
[BlackElo "2438"]
[WhiteFideId "717312"]
[BlackFideId "737119"]
[EventDate "2014.05.23"]
[EventType "swiss"]

1. e4 c5 2. Nf3 Nc6 3. Bb5 d6 4. d4 cxd4 5. Qxd4 Nf6 6. Nc3 Nd7 7. Bxc6 bxc6 8.
O-O e5 9. Qd2 Be7 10. b3 O-O 11. Ba3 c5 12. Nd5 Nf6 13. Nxf6+ Bxf6 14. Qd3 Qa5
15. Bb2 Ba6 16. c4 Rad8 17. Nd2 Bg5 18. Nb1 f5 19. exf5 d5 20. Bxe5 dxc4 21. Qg3
Bf6 22. Bxf6 Rxf6 23. Nc3 Rd3 24. Qb8+ Rf8 25. Qxa7 Rf7 26. Qb8+ Rf8 27. Qa7 Rf7
28. Qb8+ Rf8 29. Qe5 Rxc3 30. b4 Qa3 31. Qe6+ Rf7 32. Qe8+ Rf8 33. Qe6+ Rf7 34.
bxc5 Rd3 35. Rab1 Rd8 36. Rb6 Bc8 37. Qxc4 Qd3 38. Qxd3 Rxd3 39. g4 Rc3 40. c6
Rc7 41. f3 R7xc6 42. Rxc6 Rxc6 43. Kg2 Rc3 44. Rd1 Kf7 45. Kg3 Ke7 46. Rb1 Bd7
47. Rb3 Rc2 48. Rb1 Rc3 1/2-1/2

[Event "33rd Zalakaros Open 2014"]
[Site "Zalakaros HUN"]
[Date "2014.05.26"]
[Round "4.12"]
[White "Portisch, Lajos"]
[Black "Medvegy, Zoltan"]
[Result "1/2-1/2"]
[WhiteTitle "GM"]
[BlackTitle "GM"]
[WhiteElo "2464"]
[BlackElo "2522"]
[WhiteFideId "700037"]
[BlackFideId "708402"]
[EventDate "2014.05.23"]
[EventType "swiss"]

1. d4 Nf6 2. c4 e6 3. Nf3 b6 4. e3 Bb7 5. Nc3 Bb4 6. Bd3 Ne4 7. O-O Bxc3 8. bxc3
f5 9. Ne1 O-O 10. f3 Ng5 11. Qe2 d6 12. h4 Nf7 13. g3 Qd7 14. Ng2 e5 15. Qc2 Nh6
16. Bd2 Na6 17. c5 e4 18. fxe4 fxe4 19. Bxe4 Bxe4 20. Qxe4 dxc5 21. Rxf8+ Rxf8
22. Nf4 Nf5 23. Ne6 Re8 24. d5 Ne7 25. c4 c6 26. Ng5 Ng6 27. dxc6 Qd8 28. Qd5+
Qxd5 29. cxd5 Ne7 30. Ne6 Nxc6 31. Rf1 h6 32. Bc3 Nd8 33. Nxd8 Rxd8 34. e4 c4
35. Bd4 Nb4 36. Rc1 b5 37. Bxa7 Nd3 38. Rc2 Re8 39. Re2 Nc1 40. Rb2 Rxe4 41.
Rxb5 c3 42. Rb8+ Kf7 43. Rc8 Nxa2 44. Kf2 Ke7 45. Be3 Kd6 46. Kf3 Ra4 47. Rd8+
Kc7 48. Rg8 g5 49. hxg5 hxg5 50. Rxg5 c2 51. Rg4 Rxg4 52. Kxg4 Nc3 53. Kf5 Nxd5
54. Bd2 Kd6 55. Ke4 1/2-1/2

[Event "33rd Zalakaros Open 2014"]
[Site "Zalakaros HUN"]
[Date "2014.05.26"]
[Round "4.13"]
[White "Tesik, Csaba"]
[Black "Donchenko, Alexander"]
[Result "1/2-1/2"]
[WhiteTitle "FM"]
[BlackTitle "IM"]
[WhiteElo "2329"]
[BlackElo "2498"]
[WhiteFideId "735582"]
[BlackFideId "24603295"]
[EventDate "2014.05.23"]
[EventType "swiss"]

1. e4 c6 2. d4 d5 3. e5 Bf5 4. h4 h5 5. c4 e6 6. Nc3 Ne7 7. Bg5 dxc4 8. Bxc4 Nd7
9. Nge2 f6 10. exf6 gxf6 11. Be3 Nb6 12. Bb3 Ned5 13. Ng3 Bg6 14. Qf3 Be7 15.
O-O Qd7 16. Nce4 Qc7 17. Nc5 Bxc5 18. dxc5 Nd7 19. Ne4 Bxe4 20. Qxe4 O-O-O 21.
Qxe6 Rde8 22. Qh3 Nxe3 23. fxe3 Qe5 24. Rae1 Rh7 25. Rf5 Qxb2 26. Rd1 Kc7 27.
Qg3+ Re5 28. Be6 Qc3 29. Rxh5 Re7 30. Rxe5 Nxe5 31. Qg8 Qxe3+ 32. Kh1 Nd7 33.
Bxd7 Rxd7 34. Rxd7+ 1/2-1/2

[Event "33rd Zalakaros Open 2014"]
[Site "Zalakaros HUN"]
[Date "2014.05.26"]
[Round "4.14"]
[White "Kovalenko, Igor"]
[Black "Szamoskozi, Gabor"]
[Result "1-0"]
[WhiteTitle "GM"]
[BlackTitle "FM"]
[WhiteElo "2611"]
[BlackElo "2358"]
[WhiteFideId "14117908"]
[BlackFideId "719056"]
[EventDate "2014.05.23"]
[EventType "swiss"]

1. d4 d5 2. c4 c6 3. Nc3 Nf6 4. Nf3 a6 5. cxd5 cxd5 6. Bf4 Nc6 7. Rc1 e6 8. e3
Nh5 9. Bg5 Be7 10. Bxe7 Nxe7 11. Bd3 Nf6 12. O-O O-O 13. Qb3 b5 14. Rc2 Bd7 15.
Ne5 Qb8 16. g4 Ra7 17. g5 Ne8 18. Na4 Nd6 19. Nc5 Be8 20. f4 Nef5 21. Rf3 Qd8
22. Rg2 Nc4 23. Bxf5 exf5 24. Qd1 Qe7 25. b3 Nd6 26. Rh3 f6 27. gxf6 Qxf6 28.
Qe1 a5 29. Rhg3 Ne4 30. Nxe4 fxe4 31. Rc2 b4 32. Rgg2 Bb5 33. Rc5 Bd3 34. h3 Qe6
35. Qh4 Rc8 36. Qh6 Qe8 37. Qb6 Re7 38. Qxa5 Ra8 39. Qxb4 h6 40. Rc6 Rxe5 41.
Rc7 1-0

[Event "33rd Zalakaros Open 2014"]
[Site "Zalakaros HUN"]
[Date "2014.05.26"]
[Round "4.15"]
[White "Gledura, Benjamin"]
[Black "Banusz, Tamas"]
[Result "1/2-1/2"]
[WhiteTitle "FM"]
[BlackTitle "GM"]
[WhiteElo "2395"]
[BlackElo "2609"]
[WhiteFideId "712779"]
[BlackFideId "722413"]
[EventDate "2014.05.23"]
[EventType "swiss"]

1. d4 d5 2. c4 c6 3. Nf3 Nf6 4. Nc3 dxc4 5. a4 Bf5 6. e3 e6 7. Bxc4 Bb4 8. O-O
Nbd7 9. Qb3 a5 10. Na2 Be7 11. Qxb7 Rb8 1/2-1/2

[Event "33rd Zalakaros Open 2014"]
[Site "Zalakaros HUN"]
[Date "2014.05.26"]
[Round "4.16"]
[White "Antal, Tibor Kende"]
[Black "Horvath, Csaba"]
[Result "0-1"]
[WhiteTitle "FM"]
[BlackTitle "GM"]
[WhiteElo "2357"]
[BlackElo "2560"]
[WhiteFideId "738581"]
[BlackFideId "700118"]
[EventDate "2014.05.23"]
[EventType "swiss"]

1. e4 Nf6 2. e5 Nd5 3. d4 d6 4. Nf3 dxe5 5. Nxe5 c6 6. Be2 Bf5 7. a3 Nd7 8. Nxd7
Qxd7 9. c4 Nc7 10. Nc3 g6 11. Be3 Bg7 12. Qd2 O-O 13. O-O b5 14. Rac1 bxc4 15.
Bxc4 Rfd8 16. Rfd1 Be6 17. Qe2 Bxc4 18. Qxc4 Nb5 19. h3 Nxd4 20. Bxd4 Bxd4 21.
Ne2 c5 22. b4 Qa4 23. Nxd4 cxd4 24. Rxd4 Qxa3 25. Rc3 Qa1+ 26. Kh2 e6 27. Rxd8+
Rxd8 28. Qc7 Rf8 29. b5 Qb2 30. Rf3 Qxb5 31. Qxa7 Qb8+ 32. Qxb8 Rxb8 33. g4 h6
34. Kg3 Kg7 35. Ra3 Rb4 36. Ra5 g5 37. h4 Rb3+ 38. f3 gxh4+ 39. Kf4 Rb1 40. Rh5
Rh1 41. Ke3 Rh2 42. Ra5 Kg6 43. Rb5 f6 44. Rh5 f5 45. Kd3 h3 46. Ke3 Rg2 47. Kf4
h2 48. Rh3 e5+ 49. Kxe5 fxg4 50. fxg4 Kg5 51. Ke4 Kxg4 52. Rxh6 Kg3 53. Ke3 Rg1
54. Rg6+ Kh3 55. Rh6+ Kg2 56. Rg6+ Kf1 57. Rf6+ Ke1 58. Ra6 Rg3+ 59. Kf4 Rf3+
60. Ke4 Rh3 61. Ra1+ Kf2 0-1

[Event "33rd Zalakaros Open 2014"]
[Site "Zalakaros HUN"]
[Date "2014.05.26"]
[Round "4.17"]
[White "Tolnai, Tibor"]
[Black "Bagi, Mate"]
[Result "1/2-1/2"]
[WhiteTitle "GM"]
[BlackTitle "FM"]
[WhiteElo "2469"]
[BlackElo "2378"]
[WhiteFideId "700126"]
[BlackFideId "742570"]
[EventDate "2014.05.23"]
[EventType "swiss"]

1. Nf3 Nc6 2. c4 e5 3. Nc3 Nf6 4. a3 d5 5. cxd5 Nxd5 6. d3 Nxc3 7. bxc3 Bd6 8.
g3 O-O 9. Bg2 Bg4 10. Rb1 Rb8 11. O-O Qd7 12. Re1 Bh3 13. Bh1 h6 14. Nd2 f5 15.
Qa4 e4 16. dxe4 f4 17. e5 fxg3 18. hxg3 Qf5 19. Nf3 Nxe5 20. Bf4 Nxf3+ 21. Bxf3
Bxf4 22. Qxf4 Qxf4 23. gxf4 1/2-1/2

[Event "33rd Zalakaros Open 2014"]
[Site "Zalakaros HUN"]
[Date "2014.05.26"]
[Round "4.18"]
[White "Terbe, Julianna"]
[Black "Baumegger, Siegfried"]
[Result "0-1"]
[BlackTitle "IM"]
[WhiteElo "2130"]
[BlackElo "2469"]
[WhiteFideId "708780"]
[BlackFideId "1602829"]
[EventDate "2014.05.23"]
[EventType "swiss"]

1. e4 c5 2. Nf3 Nc6 3. d4 cxd4 4. Nxd4 g6 5. c4 Bg7 6. Be3 Nf6 7. Nc3 O-O 8. Be2
d6 9. O-O Bd7 10. f3 Nxd4 11. Bxd4 a5 12. b3 Bc6 13. Qd2 Nd7 14. Be3 Nc5 15.
Rab1 e6 16. Rfd1 Be5 17. Bf2 Qe7 18. a3 Rfd8 19. b4 axb4 20. axb4 Qf6 21. Rdc1
Ra3 22. bxc5 Bxc3 23. Qh6 dxc5 24. Bh4 Qd4+ 25. Bf2 Qe5 26. Bg3 Bd4+ 27. Kf1 Qg7
28. Qd2 Rda8 29. Bf4 e5 30. Bh6 Qf6 31. Bg5 Qe6 32. Rb6 f6 33. Bh6 g5 34. Qe1
Qf7 35. h4 Qh5 0-1

[Event "33rd Zalakaros Open 2014"]
[Site "Zalakaros HUN"]
[Date "2014.05.26"]
[Round "4.19"]
[White "Bokros, Albert"]
[Black "Radnai, Adam"]
[Result "1/2-1/2"]
[WhiteTitle "IM"]
[BlackTitle "FM"]
[WhiteElo "2461"]
[BlackElo "2329"]
[WhiteFideId "710458"]
[BlackFideId "726702"]
[EventDate "2014.05.23"]
[EventType "swiss"]

1. e4 e6 2. d4 d5 3. Nc3 Nf6 4. e5 Nfd7 5. f4 c5 6. Nf3 Nc6 7. Be3 Be7 8. Qd2
O-O 9. Be2 b6 10. O-O f5 11. exf6 Nxf6 12. Kh1 Bd6 13. g3 Bb7 14. Rad1 Kh8 15.
Qe1 Rc8 16. Bg1 Nb4 17. Rc1 Ne4 18. dxc5 bxc5 19. Nxe4 dxe4 20. Nd2 Bxf4 21.
gxf4 Qxd2 22. Qxd2 e3+ 23. Bf3 exd2 24. Rcd1 Ba6 25. Rf2 Rxf4 26. Kg2 Nxc2 27.
Rfxd2 Nd4 28. Bxd4 cxd4 29. Rxd4 Rxd4 30. Rxd4 Bb5 31. a4 Be8 32. Kg3 Kg8 33. a5
Kf8 34. Rb4 Rc5 35. Rb8 Rc7 36. b4 Ke7 37. b5 Bd7 38. b6 axb6 39. axb6 Rc8 40.
Rb7 Kd6 41. Ra7 Rb8 42. b7 Bb5 43. Ra8 Kc7 44. Ra1 Kd7 45. Ra8 Kc7 46. Ra1 Kd7
47. Ra8 Kc7 48. Ra2 Kd7 49. Rd2+ Kc7 50. Be4 Ba6 51. Rf2 Bxb7 52. Rf7+ Kb6 53.
Bxh7 Rc8 54. Rxg7 Rc7 55. Rxc7 Kxc7 56. Kf4 Kd6 57. h4 Ke7 58. Ke5 Bf3 59. Bg6
Be2 60. h5 Bxh5 1/2-1/2

[Event "33rd Zalakaros Open 2014"]
[Site "Zalakaros HUN"]
[Date "2014.05.26"]
[Round "4.20"]
[White "Seres, Lajos"]
[Black "Madl, Ildiko"]
[Result "1/2-1/2"]
[WhiteTitle "GM"]
[BlackTitle "IM"]
[WhiteElo "2435"]
[BlackElo "2328"]
[WhiteFideId "701254"]
[BlackFideId "700550"]
[EventDate "2014.05.23"]
[EventType "swiss"]

1. d4 d5 2. c4 c6 3. Nf3 Nf6 4. Nc3 e6 5. Bg5 Nbd7 6. e3 Qa5 7. Nd2 Bb4 8. Qc2
O-O 9. Be2 e5 10. O-O exd4 11. Nb3 Qb6 12. exd4 dxc4 13. Bxc4 Qc7 14. h3 Bd6 15.
Rae1 Bf4 16. Bh4 a5 17. Re7 Qd6 18. Rfe1 g5 19. Bg3 Bxg3 20. fxg3 Nb6 21. Bd3 a4
22. Nd2 Qxd4+ 23. Kh2 Ra5 24. Nde4 Nxe4 25. R7xe4 Qf6 26. Rb4 Nd5 27. Rxa4 Rxa4
28. Bxh7+ Kg7 29. Nxa4 Rh8 30. Be4 g4 31. Bxd5 cxd5 32. Nc3 Be6 33. Qd2 gxh3 34.
gxh3 Rxh3+ 35. Kg2 Rh5 36. Ne2 Bh3+ 37. Kg1 Re5 38. Nf4 Rxe1+ 39. Qxe1 Qd4+ 40.
Kh2 Bg4 41. Qc3 Qxc3 42. bxc3 Bf3 43. Kg1 Kf6 44. Kf2 Be4 45. Ke3 Ke5 46. a3 f6 1/2-1/2

[Event "33rd Zalakaros Open 2014"]
[Site "Zalakaros HUN"]
[Date "2014.05.26"]
[Round "4.21"]
[White "Czebe, Attila"]
[Black "Kozak, Adam"]
[Result "1-0"]
[WhiteTitle "GM"]
[WhiteElo "2409"]
[BlackElo "2210"]
[WhiteFideId "705268"]
[BlackFideId "753246"]
[EventDate "2014.05.23"]
[EventType "swiss"]

1. Nf3 d5 2. g3 c6 3. Bg2 Bg4 4. c4 Nd7 5. cxd5 cxd5 6. O-O e6 7. d3 Bd6 8. Nc3
Ngf6 9. h3 Bh5 10. e4 O-O 11. g4 Bg6 12. Qe2 dxe4 13. dxe4 Qb8 14. Rd1 Ne5 15.
Rxd6 Qxd6 16. Nxe5 Qxe5 17. f4 Qa5 18. f5 exf5 19. exf5 Bxf5 20. gxf5 Qxf5 21.
Qf2 Qg6 22. Be3 b6 23. Kh2 Rae8 24. Bd4 Re6 25. Rg1 Qh6 26. Bd5 Rd6 27. Be3 Qh5
28. Rg5 Qxg5 29. Bxg5 Nxd5 30. Qd4 1-0

[Event "33rd Zalakaros Open 2014"]
[Site "Zalakaros HUN"]
[Date "2014.05.26"]
[Round "4.22"]
[White "To, Nhat Minh"]
[Black "Almasi, Istvan"]
[Result "0-1"]
[WhiteTitle "IM"]
[BlackTitle "IM"]
[WhiteElo "2329"]
[BlackElo "2403"]
[WhiteFideId "729019"]
[BlackFideId "701742"]
[EventDate "2014.05.23"]
[EventType "swiss"]

1. d4 d5 2. c4 dxc4 3. e3 Nf6 4. Bxc4 e6 5. Nf3 a6 6. O-O b5 7. Bd3 c5 8. a4 b4
9. e4 Bb7 10. e5 Nfd7 11. Nbd2 cxd4 12. Nb3 Be7 13. Re1 O-O 14. Bf4 Nc6 15. a5
h6 16. Qe2 Re8 17. Nfd2 Bg5 18. Bxg5 Qxg5 19. Nc4 Ne7 20. g3 Ng6 21. Bxg6 Qxg6
22. Nxd4 Red8 23. Nd6 Bd5 24. Rac1 f6 25. exf6 Nxf6 26. Nc6 Kh7 27. Nxd8 Rxd8
28. Nc4 Ne4 29. Nb6 Bb7 30. Rc7 Rd2 31. Qe3 Nxf2 32. Rxb7 Nh3+ 33. Kh1 Qc2 34.
Rxg7+ Kxg7 35. Qe5+ Kh7 36. g4 Qc6+ 0-1

[Event "33rd Zalakaros Open 2014"]
[Site "Zalakaros HUN"]
[Date "2014.05.26"]
[Round "4.23"]
[White "Berczes, David"]
[Black "Peczely, Sebastian Zsombor"]
[Result "1-0"]
[WhiteTitle "GM"]
[WhiteElo "2482"]
[BlackElo "2200"]
[WhiteFideId "722960"]
[BlackFideId "750964"]
[EventDate "2014.05.23"]
[EventType "swiss"]

1. d4 d5 2. Bf4 Nf6 3. e3 c5 4. Nc3 cxd4 5. exd4 a6 6. Nf3 Bg4 7. h3 Bxf3 8.
Qxf3 Nc6 9. O-O-O e6 10. g4 Rc8 11. Kb1 Bb4 12. Ne2 Ne4 13. Ng3 Qb6 14. Nxe4
dxe4 15. Qe3 O-O 16. c3 Ba3 17. Rd2 Rfd8 18. Qxe4 e5 19. Bd3 exf4 20. Qxh7+ Kf8
21. Re1 f5 22. Qh8+ Kf7 23. Bc4+ Kf6 24. Qh4+ Kg6 25. Qh5+ Kf6 26. g5# 1-0

[Event "33rd Zalakaros Open 2014"]
[Site "Zalakaros HUN"]
[Date "2014.05.26"]
[Round "4.24"]
[White "Hoang, Thanh Trang"]
[Black "Csonka, Attila Istvan"]
[Result "1-0"]
[WhiteTitle "GM"]
[BlackTitle "IM"]
[WhiteElo "2509"]
[BlackElo "2351"]
[WhiteFideId "12400149"]
[BlackFideId "716529"]
[EventDate "2014.05.23"]
[EventType "swiss"]

1. d4 Nf6 2. Nf3 e6 3. Bf4 d5 4. e3 c5 5. c3 Nc6 6. Nbd2 Bd6 7. Bg3 O-O 8. Bd3
Qe7 9. Ne5 Nd7 10. Nxd7 Bxd7 11. Bxd6 Qxd6 12. dxc5 Qxc5 13. Bxh7+ Kxh7 14. Qh5+
Kg8 15. Ne4 Qc4 16. Ng5 Rfd8 17. Qxf7+ Kh8 18. Qh5+ Kg8 19. Qh7+ Kf8 20. Qh8+
Ke7 21. Qxg7+ Kd6 22. Nf7+ Kc7 23. Nxd8 Rxd8 24. h4 d4 25. exd4 e5 26. dxe5 Qe4+
27. Kf1 Qc4+ 28. Kg1 Rg8 29. Qf6 Qe4 30. Rh2 Nxe5 31. Kh1 Rg6 32. Qe7 Qd5 33. h5
Re6 34. Qg5 Qd6 35. Rh4 Nf7 36. Qf4 Qxf4 37. Rxf4 Nh6 38. Rd1 Bc6 39. Kh2 1-0

[Event "33rd Zalakaros Open 2014"]
[Site "Zalakaros HUN"]
[Date "2014.05.26"]
[Round "4.25"]
[White "Ekdyshman, Mikhail"]
[Black "Meszaros, Tamas"]
[Result "1-0"]
[WhiteTitle "IM"]
[BlackTitle "IM"]
[WhiteElo "2351"]
[BlackElo "2438"]
[WhiteFideId "4149416"]
[BlackFideId "717410"]
[EventDate "2014.05.23"]
[EventType "swiss"]

1. d4 Nf6 2. Nc3 d5 3. Bg5 c5 4. Bxf6 gxf6 5. e3 Nc6 6. Qh5 e6 7. Nf3 cxd4 8.
exd4 Bb4 9. Bd3 Qb6 10. Qh4 Be7 11. O-O-O Bd7 12. Rhe1 Nb4 13. a3 Nxd3+ 14. Rxd3
Qc6 15. Qh5 b5 16. Rde3 Rc8 17. R1e2 b4 18. axb4 Qa6 19. Kb1 Rg8 20. Nxd5 Rxg2
21. Nf4 Rg6 22. Nxg6 hxg6 23. Qh8+ 1-0

[Event "33rd Zalakaros Open 2014"]
[Site "Zalakaros HUN"]
[Date "2014.05.26"]
[Round "4.26"]
[White "Boguszlavszkij, Jevgenyij"]
[Black "Sean, Winshand Cuhendi"]
[Result "0-1"]
[WhiteTitle "IM"]
[BlackTitle "FM"]
[WhiteElo "2217"]
[BlackElo "2385"]
[WhiteFideId "700614"]
[BlackFideId "7101554"]
[EventDate "2014.05.23"]
[EventType "swiss"]

1. e4 c5 2. d3 e6 3. g3 d5 4. Nd2 Nc6 5. Bg2 Nf6 6. Ngf3 dxe4 7. dxe4 Be7 8. O-O
O-O 9. Re1 e5 10. c3 Be6 11. Qc2 h6 12. Nf1 Qa5 13. Ne3 Rfd8 14. b3 Rac8 15. Bd2
Qc7 16. Rad1 b5 17. Bc1 Qa5 18. Bd2 c4 19. b4 Qc7 20. Bc1 Bxb4 21. cxb4 Nxb4 22.
Qb1 Nd3 23. Re2 Nxe4 24. Rc2 b4 25. Rxd3 Rxd3 26. Qxb4 Rb8 27. Qe1 c3 28. Bf1
Rd7 29. Nd1 Bf5 30. Ne3 Nd2 31. Rxd2 cxd2 32. Nxd2 Be6 33. a4 Qc3 34. Bc4 Rb1 0-1

[Event "33rd Zalakaros Open 2014"]
[Site "Zalakaros HUN"]
[Date "2014.05.26"]
[Round "4.27"]
[White "Kantor, Gergely"]
[Black "Havasi, Gergo"]
[Result "0-1"]
[WhiteTitle "FM"]
[WhiteElo "2380"]
[BlackElo "2302"]
[WhiteFideId "751499"]
[BlackFideId "760293"]
[EventDate "2014.05.23"]
[EventType "swiss"]

1. d4 Nf6 2. c4 g6 3. Nc3 Bg7 4. e4 d6 5. Nf3 O-O 6. h3 e5 7. d5 Na6 8. Bg5 Qe8
9. g4 Kh8 10. Qd2 Ng8 11. O-O-O f5 12. gxf5 gxf5 13. Nh4 Nc5 14. Nxf5 Bxf5 15.
exf5 Rxf5 16. Be3 Qf8 17. Rg1 Rf6 18. b4 Nd7 19. Ne4 a5 20. b5 Nc5 21. Qc2 Nxe4
22. Qxe4 Bh6 23. Bd3 Qf7 24. Rg2 Bxe3+ 25. fxe3 Ne7 26. Rdg1 Rg8 27. Rxg8+ Nxg8
28. Qh1 Nh6 29. Kc2 b6 30. Kb3 Qf8 31. Qe4 Qf7 32. Ka4 Qe7 33. a3 Rf7 34. h4 Qf6
35. Rf1 Qg7 36. Rxf7 Qxf7 37. Qg2 Qg7 38. Qf3 Qg4 39. Qf1 Kg7 40. Qf2 Qd1+ 41.
Bc2 Qg4 42. Kb3 Qh3 43. Kb2 Qg4 44. Kb3 e4 45. Qd2 Ng8 46. h5 Nf6 47. Bd1 Qg3
48. Qc3 h6 49. Qd4 Kf7 50. Bc2 Qg4 51. Bd1 Qg2 52. Bc2 Ke7 53. Kc3 Qh1 54. Bd1
Qg1 55. Kd2 Kf7 56. Bc2 Qh1 57. Bd1 Qh2+ 58. Ke1 Ke7 59. Qc3 Qg2 60. Qd4 Qg3+
61. Kf1 Qh4 62. Kg2 Qe1 63. Kh2 Qf2+ 64. Kh3 Kf7 65. a4 Qg1 66. Qd2 Nh7 67. Bg4
Ng5+ 68. Kh4 Ke7 69. Qe2 Nf7 70. Kh3 Ne5 71. Kh4 Kf6 72. Kh3 Nd3 73. Kh4 Ke7 74.
Kh3 Nf2+ 0-1

[Event "33rd Zalakaros Open 2014"]
[Site "Zalakaros HUN"]
[Date "2014.05.26"]
[Round "4.28"]
[White "Csonka, Balazs"]
[Black "Goczo, Melinda"]
[Result "1/2-1/2"]
[WhiteTitle "FM"]
[BlackTitle "WIM"]
[WhiteElo "2361"]
[BlackElo "2229"]
[WhiteFideId "742910"]
[BlackFideId "711985"]
[EventDate "2014.05.23"]
[EventType "swiss"]

1. d4 d5 2. Nf3 Bf5 3. c4 e6 4. Nc3 Nf6 5. cxd5 exd5 6. Qb3 Nc6 7. Bg5 Na5 8.
Qa4+ c6 9. Bxf6 gxf6 10. e3 b5 11. Qd1 Nc4 12. Bxc4 bxc4 13. O-O Bd3 14. Re1 Bb4
15. Qa4 Qd6 16. e4 Bxc3 17. bxc3 dxe4 18. Nd2 Qd5 19. Nxe4 Bxe4 20. f3 f5 21.
Qc2 O-O 22. fxe4 fxe4 23. Rxe4 Rae8 24. Rae1 Rxe4 25. Rxe4 Rb8 26. Re5 Qd6 27.
h3 Rb5 28. Re4 h5 29. Qf2 Qg6 30. Re5 Rxe5 31. dxe5 Qe4 32. Qf6 Qe1+ 33. Kh2
Qxc3 34. Qg5+ Kf8 35. Qh6+ Kg8 36. Qg5+ 1/2-1/2

[Event "33rd Zalakaros Open 2014"]
[Site "Zalakaros HUN"]
[Date "2014.05.26"]
[Round "4.29"]
[White "Vegh, Endre"]
[Black "Vajda, Szidonia"]
[Result "1-0"]
[WhiteTitle "IM"]
[BlackTitle "IM"]
[WhiteElo "2293"]
[BlackElo "2352"]
[WhiteFideId "700568"]
[BlackFideId "723894"]
[EventDate "2014.05.23"]
[EventType "swiss"]

1. d4 d5 2. c4 e6 3. Nc3 Nf6 4. cxd5 exd5 5. Bg5 Be7 6. e3 c6 7. Qc2 Nbd7 8. Bd3
Nf8 9. Nf3 Ne6 10. Bh4 g6 11. O-O O-O 12. Rad1 Ng7 13. h3 Bf5 14. Ne5 Bxd3 15.
Qxd3 Nf5 16. Bxf6 Bxf6 17. f4 h5 18. g4 Ng7 19. gxh5 Nxh5 20. Kh2 Bxe5 21. dxe5
Qh4 22. Ne2 Kh7 23. Rg1 Ng7 24. Rg4 Qh6 25. Rdg1 Rh8 26. Nd4 Kg8 27. R1g3 Re8
28. e6 Nxe6 29. f5 Ng7 30. f6 Nh5 31. Nf5 Qf8 32. Ne7+ Rxe7 33. fxe7 Qxe7 34.
Rf3 Qe5+ 35. Kg2 Qxb2+ 36. Rf2 Qe5 37. Qa3 Nf6 38. Rgf4 Ne4 39. Rxf7 Qg3+ 40.
Kf1 Qxh3+ 41. Ke1 Qh1+ 42. Rf1 Qh4+ 43. Kd1 Qg4+ 44. Kc1 Nd6 45. Qxd6 Qc4+ 46.
Kb2 Rh2+ 47. R7f2 Rxf2+ 48. Rxf2 Qb5+ 49. Ka1 1-0